| 000 | 02029nam a2200313Ia 4500 | ||
|---|---|---|---|
| 003 | OSt | ||
| 005 | 20210901143718.0 | ||
| 008 | 130821s1993 ck ad frn 0 dspa d | ||
| 020 | _a9580425744 | ||
| 040 |
_aCo-BoUCM _bspa _cCO-JMCR |
||
| 041 | 0 | _aspa | |
| 082 | 0 | 4 |
_a658.18 / _bG347g _223 |
| 100 | 1 |
_aYip, George S., _eautor _943580 |
|
| 245 | 1 | 0 |
_aGlobalización : _bestrategias para obtener un ventaja competitiva internacional / _cGeorge S. Yip ; traducción Jorge Cárdenas Nannetti |
| 260 |
_aBogotá : _bGrupo Editorial Norma, _c1993. |
||
| 300 |
_axix, 331 páginas : _bilustraciones y gráficas ; _c24 cm. |
||
| 505 | 0 | _aQue es la estrategia global. -- Diagnostico del potencial de globalización industrial. -- La participación en el mercado global. -- Diseño de productos y servicios globales. -- Localización global de las actividades. -- Creación de un marketing global. -- Medidas competitivas globales. -- Como crear la organización global. -- Medición de los impulsores de la industria y las palancas estratégicas. -- Como analizar una estrategia global. | |
| 520 | 0 | _a"Esta comprensiva y bien documentada guía para el gerente internacional trata todos los aspectos de la estrategia global y cristaliza las cuestiones de integración global. El doctor Yip ofrece una perspectiva y un marco de referencia total para todos los gerentes que tienen que luchar con una competencia mundial en este mundo sin fronteras. Este libro trata en forma perspicaz y a fondo las cuestiones globales, y no sólo vale la pena leerlo sino que conviene mantenerlo al alcance de la mano". | |
| 650 | 1 | 4 |
_aComercio internacional _911207 |
| 650 | 2 | 4 |
_aCompetencia económica internacional _911261 |
| 650 | 2 | 4 |
_aCompetencia económica _911259 |
| 650 | 2 | 4 |
_aEconomía internacional _97543 |
| 650 | 2 | 4 |
_aEstrategias de desarrollo _915116 |
| 650 | 2 | 4 |
_aGlobalización _9216 |
| 690 |
_aEconoma̕ _939865 |
||
| 700 | 1 |
_aCárdenas Nannetti, Jorge, _etraductor _930494 |
|
| 765 | 0 | _tTotal global strategy | |
| 942 |
_cBK _2ddc |
||
| 999 |
_c12330 _d12330 |
||